| Tag |
First Indicator |
Second Indicator |
Subfields |
| LEADER |
00000cam a2200000Ia 4500 |
| 001 |
in00003513402 |
| 006 |
m o d |
| 007 |
cr unu|||||||| |
| 008 |
080722s1994 gw a ob 100 0 eng d |
| 005 |
20260420210100.0 |
| 019 |
|
|
|a 610214664
|
| 020 |
|
|
|a 9783540490357 (electronic bk.)
|
| 020 |
|
|
|a 3540490353 (electronic bk.)
|
| 020 |
|
|
|z 3540586210
|
| 020 |
|
|
|z 9783540586210
|
| 035 |
|
|
|a (OCoLC)234663585
|z (OCoLC)610214664
|
| 040 |
|
|
|a SPLNP
|b eng
|e pn
|c SPLNP
|d GW5XE
|d OCLCQ
|d CSU
|d OCLCQ
|d GW5XE
|d OCLCE
|d OCLCO
|d OCLCQ
|d OCLCF
|d GW5XE
|d OCLCO
|d UtOrBLW
|
| 042 |
|
|
|a dlr
|
| 049 |
|
|
|a TXAM
|
| 050 |
|
4 |
|a QB791.4
|b .S77 1994
|
| 082 |
0 |
4 |
|a 523.1/125
|2 20
|
| 245 |
0 |
4 |
|a The structure and content of molecular clouds :
|b 25 years of molecular radioastronomy : proceedings of a conference held at Schloss Ringberg, Tegernsee, Germany, 14-16 April 1993 /
|c T.L. Wilson, K.J. Johnston, eds.
|
| 264 |
|
1 |
|a Berlin ;
|a New York :
|b Springer-Verlag,
|c [1994]
|
| 264 |
|
4 |
|c ©1994
|
| 300 |
|
|
|a 1 online resource (xiii, 308 pages) :
|b illustrations.
|
| 336 |
|
|
|a text
|b txt
|2 rdacontent
|
| 337 |
|
|
|a computer
|b c
|2 rdamedia
|
| 338 |
|
|
|a online resource
|b cr
|2 rdacarrier
|
| 490 |
1 |
|
|a Lecture notes in physics,
|x 1616-6361 ;
|v 439
|
| 504 |
|
|
|a Includes bibliographical references.
|
| 520 |
|
|
|a This book contains the proceedings of a workshop held in Schlo Ringberg to assess developments in molecular cloud research over the last 25 years, and to discuss trends for future research in the field of molecular line astronomy. The topics include the morphology, formation, and lifetimes of molecular clouds, and their relation to star formation. Also, the chemical and isotopic content of these clouds is reviewed, and comparisons with molecular clouds in external galaxies are made. This rather complete survey of this important field of research addresses researchers in astronomy and students alike.
|
| 538 |
|
|
|a Master and use copy. Digital master created according to Benchmark for Faithful Digital Reproductions of Monographs and Serials, Version 1. Digital Library Federation, December 2002.
|u http://purl.oclc.org/DLF/benchrepro0212
|5 MiAaHDL
|
| 583 |
1 |
|
|a digitized
|c 2010
|h HathiTrust Digital Library
|l committed to preserve
|2 pda
|5 MiAaHDL
|
| 588 |
|
|
|a Description based on print version record.
|
| 500 |
|
|
|a Electronic resource.
|
| 650 |
|
0 |
|a Molecular clouds
|v Congresses.
|
| 650 |
|
0 |
|a Radio astronomy
|v Congresses.
|
| 650 |
|
4 |
|a Nuage moléculaire.
|
| 650 |
|
4 |
|a Radioastronomie.
|
| 650 |
|
7 |
|a Fisica Geral.
|2 larpcal
|
| 650 |
|
7 |
|a Nuages moléculaires.
|2 ram
|
| 650 |
|
7 |
|a Astrophysique moléculaire.
|2 ram
|
| 650 |
|
7 |
|a Radioastronomie.
|2 ram
|
| 650 |
|
7 |
|a Molecular clouds.
|2 fast
|0 (OCoLC)fst01024770
|
| 650 |
|
7 |
|a Radio astronomy.
|2 fast
|0 (OCoLC)fst01087196
|
| 655 |
|
7 |
|a Electronic books.
|2 local
|
| 655 |
|
7 |
|a Conference proceedings.
|2 fast
|0 (OCoLC)fst01423772
|
| 700 |
1 |
|
|a Wilson, T. L.
|q (Thomas L.),
|d 1942-
|
| 700 |
1 |
|
|a Johnston, K. J.
|q (Kenneth J.),
|d 1941-
|
| 710 |
2 |
|
|a SpringerLink (Online service)
|
| 776 |
1 |
8 |
|i Print version:
|t Structure and content of molecular clouds.
|d Berlin ; New York : Springer-Verlag, ©1994
|z 3540586210
|w (DLC) 94023577
|w (OCoLC)31377826
|
| 830 |
|
0 |
|a Lecture notes in physics ;
|v 439.
|x 1616-6361
|
| 856 |
4 |
0 |
|u http://proxy.library.tamu.edu/login?url=https://link.springer.com/10.1007/3-540-58621-0
|z Connect to the full text of this electronic book
|t 0
|
| 994 |
|
|
|a 92
|b TXA
|
| 999 |
|
|
|a MARS
|
| 999 |
f |
f |
|s 380ba416-0e0b-3a8c-961b-d703607e5fd2
|i 250ae3ad-d081-352e-9b7a-83b5bfbdfee8
|t 0
|
| 952 |
f |
f |
|a Texas A&M University
|b College Station
|c Electronic Resources
|s www_evans
|d Available Online
|t 0
|e QB791.4 .S77 1994
|h Library of Congress classification
|
| 998 |
f |
f |
|a QB791.4 .S77 1994
|t 0
|l Available Online
|